LIBRARY & INFORMATION CENTRE, KCAET, TAVANUR

ONLINE PUBLIC ACCESS CATALOGUE (OPAC)

Normal view MARC view
  • Technical report

Entry Topical Term

Number of records used in: 3

001 - CONTROL NUMBER

  • control field: 4398

003 - CONTROL NUMBER IDENTIFIER

  • control field: OSt

005 - DATE AND TIME OF LATEST TRANSACTION

  • control field: 20191023172921.0

008 - FIXED-LENGTH DATA ELEMENTS

  • fixed length control field: 191023|| aca||aabn | a|a d

040 ## - CATALOGING SOURCE

  • Original cataloging agency: OSt
  • Transcribing agency: OSt

150 ## - HEADING--TOPICAL TERM

  • Topical term or geographic name as entry element: Technical report

670 ## - SOURCE DATA FOUND

  • Source citation: Work cat.: (OSt)1050: Expert committee on environmental sanitation / Technical series report No.77, 1954.
free website counter